00601nam a2200145 a 4500008004100000050002000041110006100061245010200122260007600224300001500300362002400315500002800339650005200367650003600419131011s1998 ||||||||||||||||| || u aGOV.ZAM.H4(058) aGovernment of the Republic of Zambia. Ministry of Health10aDistrict health planning guidecby Government of the Republic of Zambia, Ministry of Health [MOH] aLusaka:bGovernment of the Republic of Zambia, Ministry of Healthc1998 a50p.: ill.1 a

1999, Vol. 1

 aCentral Board of Health aHEALTH--STRATEGIC PLANS--HANBOOKS, MANUALS, ETC aHEALTH--STRATEGIC PLANS--ZAMBIA